Presidentes del Gobierno de España en democracia - Estadísticas

Estadísticas generales
  • Esta prueba ha sido intentada 473 veces
  • La puntuación promedio es 5 de 6
Estadísticas de respuestas
Hint Respuesta % Correcto
Mariano Rajoy
97%
José Luis Rodríguez Zapatero
95%
José María Aznar
92%
Adolfo Suárez
84%
Felipe González
83%
Leopoldo Calvo-Sotelo
67%
No se encontraron pruebas coincidentes
Distribución de puntuación
Porcentaje de gente con cada puntuación
Porcentaje por número respondido
Historial de tus puntuaciones
No has intentado esta prueba.